000 00241nam a2200097Ia 4500
008 200302s9999 xx 000 0 und d
100 _aJohn Corbett
245 _aInteriaor Trends Featuring Bathroom
260 _bDavid Johnson
300 _a131 P.,
999 _c1705
_d1705